|
|
|
|
| LEADER |
00000nam a2200000 a 4500 |
| 001 |
vtls001356638 |
| 003 |
SK-MaSNL |
| 005 |
20260223215804.0 |
| 008 |
240314s1972 xx 0 und |
| 035 |
|
|
|a SNK000310124
|
| 040 |
|
|
|a SNK
|b slo
|c SNK
|e AACR2
|
| 100 |
1 |
|
|a Remarque, Erich Maria,
|d 1898-1970
|4 aut
|
| 245 |
1 |
0 |
|a Jiskra žovota
|
| 260 |
|
|
|a Praha
|b Melantrich
|c 1972
|
| 300 |
|
|
|a 330 s.
|
| 958 |
|
|
|a OND
|
| 999 |
|
|
|c 720411
|d 722341
|
| 952 |
|
|
|t P60, <04>, [BOOK], {604}
|a SNK
|b SNK
|y VYP
|7 0
|p 17A0184846
|o snkIC 74710 D1
|0 0
|1 1
|4 0
|d 1999-03-03
|l 0
|r 2005-01-02 00:00:00
|w 2026-02-23
|
| 952 |
|
|
|t P60, <04>, [BOOK], {604}
|a SNK
|b SNK
|y VYP
|7 0
|p 17A0211247
|o snkIC 74710
|0 0
|1 0
|4 0
|d 1999-09-18
|l 0
|r 2005-01-02 00:00:00
|w 2026-02-23
|